Music Quiz

Random Music Quiz

Get Scared Don't You Dare Forget The Sun Lyrics Pt.2 Quiz Stats

 Plays Quiz not verified by Sporcle

Challenge
Share
Tweet
Embed
Score 0/134 Timer 10:00
0 Plays Today
Hint Answer % Correct
You
96.2%
You
96.2%
You
96.2%
You
96.2%
you
96.2%
you
96.2%
me
88.5%
me
88.5%
me
88.5%
me
88.5%
a
88.5%
a
88.5%
a
88.5%
a
88.5%
a
88.5%
the
88.5%
me
88.5%
me
88.5%
me
88.5%
me
88.5%
me
88.5%
a
88.5%
Don't
80.8%
your
80.8%
sun
80.8%
dare
80.8%
forget
80.8%
In
76.9%
Life
76.9%
In
76.9%
Is
76.9%
Life
76.9%
so
76.9%
I
76.9%
I
76.9%
trying
76.9%
is
76.9%
I
76.9%
I
76.9%
I
76.9%
I
76.9%
I
76.9%
in
76.9%
love
76.9%
so
76.9%
Hint Answer % Correct
I
76.9%
trying
76.9%
trying
76.9%
is
76.9%
life
76.9%
life
76.9%
trying
76.9%
is
76.9%
is
76.9%
I
76.9%
look
73.1%
down
73.1%
on
73.1%
look
73.1%
down
73.1%
on
73.1%
look
73.1%
look
73.1%
on
73.1%
down
73.1%
down
73.1%
look
73.1%
on
73.1%
on
73.1%
that
73.1%
Can
69.2%
Can
69.2%
Can
69.2%
Oh
69.2%
Can
69.2%
everything
69.2%
know
69.2%
this
69.2%
of
69.2%
know
69.2%
lay
69.2%
know
69.2%
you've
69.2%
know
69.2%
everything
69.2%
it
69.2%
of
69.2%
think
69.2%
of
69.2%
think
69.2%
Hint Answer % Correct
of
69.2%
Well
65.4%
Contemplating
65.4%
Well
65.4%
right
65.4%
at
65.4%
get
65.4%
get
65.4%
get
65.4%
death
65.4%
own
65.4%
done
65.4%
just
65.4%
what
65.4%
at
65.4%
right
65.4%
see
65.4%
Or
61.5%
Gotta
61.5%
casually
61.5%
but
61.5%
not
61.5%
broken
61.5%
home
61.5%
mind
61.5%
bed
61.5%
casually
61.5%
something
61.5%
but
61.5%
not
61.5%
to
61.5%
something
61.5%
mine
61.5%
Dear
57.7%
diary
57.7%
sign
57.7%
piece
57.7%
sign
57.7%
sign
57.7%
sign
57.7%
two
57.7%
Did
53.8%
plain
53.8%
wreck
38.5%

You're not logged in!

Compare scores with friends on all Sporcle quizzes.
Join for Free
OR
Log In

You Might Also Like...

Show Comments

Extras

Created Feb 8, 2017ReportNominate
Tags:dare, forget, Pt 2, sun

Top Quizzes Today


Score Distribution

Your Account Isn't Verified!

In order to create a playlist on Sporcle, you need to verify the email address you used during registration. Go to your Sporcle Settings to finish the process.

Report this User

Report this user for behavior that violates our Community Guidelines.

Details: